• 首页
  • 本馆介绍
  • 公告通知
  • 最新文献
  • 馆藏检索
  • 电子资源
  • 读者导购
  • 参考咨询
  • 我的图书馆
  • 登录
  • 详细信息显示
  • 放入我的书架
  • 预约/预借图书
  • 作者相关作品
  • 分类相关作品
  • 丛书相关作品
  • 出版社相关作品

书目信息

  • 表格格式
  • 工作单格式
  • 卡片格式
题名:
结构力学要点与计算
    
 
作者: 张志清 , 王贵增 编著
分册:  
出版信息: 北京   北京工业大学出版社  2012
页数: 163页
开本: 26cm
丛书名:
单 册:
中图分类: O342
科图分类:
主题词: 结构力学
电子资源:
ISBN: 978-7-5639-3128-6
000 00818nam0 2200241 450
001 2349081062
005 20231208133812.63
010    @a978-7-5639-3128-6@dCNY20.00
100    @a20120412d2012 em y0chiy50 ea
101 0  @achi
102    @aCN@b110000
105    @aak a 000yy
200 1  @a结构力学要点与计算@Ajie gou li xue yao dian yu ji suan@f张志清, 王贵增编著
210    @a北京@c北京工业大学出版社@d2012
215    @a163页@c图@d26cm
320    @a有书目 (第163页)
330    @a本书采用图表的形式将结构力学中的理论知识、解题方法及经验总结展现在读者面前, 内容主要包括: 体系的机动分析、静定梁与静定平面刚架的计算等。
606 0  @a结构力学
690    @aO342@v5
701  0 @a张志清@Azhang zhi qing@4编著
701  0 @a王贵增@Awang gui zeng@4编著
801  0 @aCN@b湖北三新@c20120622
905    @aZUCC@dO342@e345
    
    结构力学要点与计算/张志清, 王贵增编著.-北京:北京工业大学出版社,2012
    163页:图;26cm
    
    
    ISBN 978-7-5639-3128-6:CNY20.00
    本书采用图表的形式将结构力学中的理论知识、解题方法及经验总结展现在读者面前, 内容主要包括: 体系的机动分析、静定梁与静定平面刚架的计算等。
●
相关链接 在五车中查询图书 在当当中查询图书 在豆瓣中查询图书


正题名:结构力学要点与计算     索取号:O342/345         预约/预借

序号 登录号 条形码 馆藏地/架位号 状态 备注
1 2001379082   2001379082   三新/湖北三新(第三批)/2029/ [索取号:O342/345] 在馆    
2 2001379083   2001379083   三新/湖北三新(第三批)/2029/ [索取号:O342/345] 在馆    
3 2001379084   2001379084   三新/湖北三新(第三批)/2029/ [索取号:O342/345] 在馆    
4 2001379085   2001379085   三新/湖北三新(第三批)/2029/ [索取号:O342/345] 在馆    
5 2001379086   2001379086   三新/湖北三新(第三批)/2029/ [索取号:O342/345] 在馆    
6 2001379087   2001379087   三新/湖北三新(第三批)/2029/ [索取号:O342/345] 在馆    
7 2001379088   2001379088   三新/湖北三新(第三批)/2029/ [索取号:O342/345] 在馆    
8 2001379089   2001379089   三新/湖北三新(第三批)/2029/ [索取号:O342/345] 在馆    
9 2001379090   2001379090   三新/湖北三新(第三批)/2029/ [索取号:O342/345] 在馆    
10 2001379091   2001379091   三新/湖北三新(第三批)/2029/ [索取号:O342/345] 在馆    
11 2001379092   2001379092   三新/湖北三新(第三批)/2029/ [索取号:O342/345] 在馆    
12 2001379093   2001379093   三新/湖北三新(第三批)/2029/ [索取号:O342/345] 在馆    
13 2001379094   2001379094   三新/湖北三新(第三批)/2029/ [索取号:O342/345] 在馆    
14 2001379095   2001379095   三新/湖北三新(第三批)/2029/ [索取号:O342/345] 在馆    
15 2001379096   2001379096   三新/湖北三新(第三批)/2029/ [索取号:O342/345] 在馆    
16 2001379097   2001379097   三新/湖北三新(第三批)/2029/ [索取号:O342/345] 在馆    
17 2001379098   2001379098   三新/湖北三新(第三批)/2029/ [索取号:O342/345] 在馆    
18 2001379099   2001379099   三新/湖北三新(第三批)/2029/ [索取号:O342/345] 在馆    
19 2001379100   2001379100   三新/湖北三新(第三批)/2029/ [索取号:O342/345] 在馆    
20 2001379101   2001379101   三新/湖北三新(第三批)/2029/ [索取号:O342/345] 在馆    
21 2001379102   2001379102   三新/湖北三新(第三批)/2029/ [索取号:O342/345] 在馆    
22 2001379103   2001379103   三新/湖北三新(第三批)/2029/ [索取号:O342/345] 在馆    
23 2001379104   2001379104   三新/湖北三新(第三批)/2029/ [索取号:O342/345] 在馆    
24 2001379105   2001379105   三新/湖北三新(第三批)/2029/ [索取号:O342/345] 在馆    
25 2001379106   2001379106   三新/湖北三新(第三批)/2029/ [索取号:O342/345] 在馆    
26 2001379107   2001379107   三新/湖北三新(第三批)/2029/ [索取号:O342/345] 在馆    
27 2001379108   2001379108   三新/湖北三新(第三批)/2029/ [索取号:O342/345] 在馆    
28 2001379109   2001379109   三新/湖北三新(第三批)/2029/ [索取号:O342/345] 在馆    
29 2001379110   2001379110   三新/湖北三新(第三批)/2029/ [索取号:O342/345] 在馆    
30 2001379111   2001379111   三新/湖北三新(第三批)/2029/ [索取号:O342/345] 在馆    
山东省滨州职业学院图书馆 欢迎您!
大连网信软件有限公司© 版权所有